000 00355nam a22001337a 4500
008 230626b xxu||||| |||| 00| 0 eng d
082 _a332.9
_bJDS
100 _cTom Brass
245 _aThe Journal of Development Studies
_bVolume 39
_cNumber 2
260 _aEngland
_bFrank CASS & Co.
_c2002
300 _a177p
440 _n2
_v39
_x0022038
942 _2ddc
_cBK
999 _c2660
_d2660